Parallel program design : A foundation /

Na minha lista:
Detalhes bibliográficos
Main Authors: Chandy, K.Mani (Author), Misra, Jayadev (Author)
Formato: Livro
Idioma:inglês
Publicado em: Reading : Addison-Wesley Publishing Company, 1988
Edição:1.vyd.
Assuntos:
Tags: Adicionar Tag
Sem tags, seja o primeiro a adicionar uma tag!

MARC

LEADER 00000nam a22000003a 4500
001 stu4996
005 20150617225811.9
008 931216s1988----xxu-----------------eng-d
020 |a 0-201-05866-9 
040 |a STU  |b slo 
041 0 |a eng 
044 |a xxu 
080 |a 681.32.013 
080 |a 519.687 
100 1 |a Chandy, K.Mani  |4 aut 
245 1 |a Parallel program design :  |b A foundation /  |c [aut.] Chandy,K.Mani; Misra,Jayadev 
250 |a 1.vyd. 
260 |a Reading :  |b Addison-Wesley Publishing Company,  |c 1988 
300 |a 516 s 
650 7 |a paralelné programovanie  |2 stusub 
700 1 |a Misra, Jayadev  |4 aut 
996 |b I4683  |c I*4683  |l II680  |s A  |a 24  |w stu4996_0001 
996 |b 284IK06801  |c I*18PD4816  |l II680  |s A  |a 24  |w stu4996_0002